书目信息 |
| 题名: |
环保学家谈核能
|
|
| 作者: | 康姆 著 ;罗健康 译 | |
| 分册: | ||
| 出版信息: | 北京 原子能出版社 2006 |
|
| 页数: | 269页 | |
| 开本: | 24cm | |
| 丛书名: | ||
| 单 册: | ||
| 中图分类: | TL-49 , X591-49 | |
| 科图分类: | ||
| 主题词: | 核能--普及读物 , 核能--环境影响--普及读物 , 放射性污染--污染防治--普及读物 , 核能 , 环境影响 , 放射性污染 , 污染防治 | |
| 电子资源: | ||
| ISBN: | 7-5022-3479-9 | |
| 000 | 01209nam0 2200337 450 | |
| 001 | 1573762491 | |
| 005 | 20150130202943.42 | |
| 010 | @a7-5022-3479-9@dCNY40.00 | |
| 100 | @a20060104d2006 em y0chiy50 ea | |
| 101 | 1 | @achi@cfre |
| 102 | @aCN@b110000 | |
| 105 | @ay z 000yy | |
| 200 | 1 | @a环保学家谈核能@9huan bao xue jia tan he neng@e中文版@f布鲁诺·康姆(Bruno Comby)著@g罗健康译 |
| 210 | @a北京@c原子能出版社@d2006 | |
| 215 | @a269页@d24cm | |
| 312 | @a封面英文题名:Environmentalists for nuclear energy | |
| 330 | @a本书分为原子奇谈和核能与环境引发的问题两部分,内容包括:完美设计的核电站对环境影响微乎其微、自然可变性、核废物的安全管理、核电史主要数据、什么是原子、我们如何才能保护自己免受放射性和辐射伤害等。 | |
| 510 | 1 | @aEnvironmentalists for nuclear energy@zeng |
| 606 | 0 | @a核能@j普及读物 |
| 606 | 0 | @a核能@x环境影响@j普及读物 |
| 606 | 0 | @a放射性污染@x污染防治@j普及读物 |
| 606 | 0 | @a核能 |
| 606 | 0 | @a环境影响 |
| 606 | 0 | @a放射性污染 |
| 606 | 0 | @a污染防治 |
| 690 | @aTL-49@v5 | |
| 690 | @aX591-49@v5 | |
| 701 | 0 | @c(法)@a康姆@9kang mu@c(Comby, Bruno@f1960~)@4著 |
| 702 | 0 | @a罗健康@9luo jian kang@4译 |
| 801 | 0 | @aCN@bTSSF@c20150130 |
| 905 | @aZUCC@dTL-49@eJY1 | |
| 环保学家谈核能:中文版/布鲁诺·康姆(Bruno Comby)著/罗健康译.-北京:原子能出版社,2006 |
| 269页;24cm |
| ISBN 7-5022-3479-9:CNY40.00 |
| 本书分为原子奇谈和核能与环境引发的问题两部分,内容包括:完美设计的核电站对环境影响微乎其微、自然可变性、核废物的安全管理、核电史主要数据、什么是原子、我们如何才能保护自己免受放射性和辐射伤害等。 |
| ● |
| 相关链接 |
|
|
|
|
正题名:环保学家谈核能
索取号:TL-49/JY1
 
预约/预借
| 序号 | 登录号 | 条形码 | 馆藏地/架位号 | 状态 | 备注 |
| 1 | 7862580 | 278625800 | 学院路分馆/ [索取号:TL-49/JY1] | 在馆 | |
| 2 | 7862581 | 278625819 | 学院路分馆/ [索取号:TL-49/JY1] | 在馆 |